| 000 | 00535nam a22001697a 4500 | ||
|---|---|---|---|
| 003 | OSt | ||
| 005 | 20120302144834.0 | ||
| 008 | 090408t xxu||||| |||| 00| 0 eng d | ||
| 035 | _a२५७३ | ||
| 040 | _cहिन्दी | ||
| 100 |
_aअश्क, उपेन्द्रनाथ _93143 |
||
| 245 | _aबॉधो न नाव इस ठॉव (भाग १ ला) | ||
| 250 | _a१ ली | ||
| 260 |
_aइलाहाबाद _bनीलम _c१९६४ |
||
| 300 | _b६५६ पाने | ||
| 942 |
_2ddc _cBOOK |
||
| 999 |
_c488308 _d488305 |
||